Anteproyecto de ley de presupuesto nacional

Guardado en:
Bibliografiske detaljer
Format: Texto
Fag:
Tags: Tilføj Tag
Ingen Tags, Vær først til at tagge denne postø!

MARC

LEADER 00000 a a2200000 04500
001 5869
003
040
245 |a Anteproyecto de ley de presupuesto nacional  
650 |a PRESUPUESTO NACIONAL  
650 |a FINANCIAMIENTO  
650 |a PRODUCTO INTERNO BRUTO  
650 |a ESTABILIDAD ECONOMICA  
650 |a IMPUESTOS  
650 |a POBREZA  
650 |a DEUDA PUBLICA  
650 |a IMPUESTOS  
650 |a PRESUPUESTO NACIONAL  
773 |g volumen 15, número 630; páginas 6-9  
999 |c 28330  |d 28330